MDQL
is popping MORE tags! Check the
thread
!
Quizzes
Events
Quiz Creation
Community
Videos
Private Events
Remove Ads
Sign In
Join for FREE
Feedback
Dark Mode
Quiz Categories
Sports
Geography
Music
Movies
Television
Just For Fun
Miscellaneous
History
Literature
Language
Science
Gaming
Entertainment
Religion
Holiday
For Kids
Quiz Lab
Recent
Popular Today
Quiz Kudos Today
Editor Picks
Curator Picks
Quizzes by...
Day
Popularity
Type
Ratings
Length
Year
Community
Subscriptions
Recent Discussions
Orange Saloon
Badges
Playlists
Quests
Create
Leaderboards
Showdown
Live 5
Trivia Bingo
Activity
Puzzle Library
Sporcle Events
Private Events
Virtual Trivia
Globe League
Become a Host
Pub Owners
SporcleCon
Opinionation
Our Games
Videos
Blog
Mobile Apps
Partnerships
Remove Ads and Go Orange
Feedback
Music
Pop Music
The Beatles
Song
Album
Lyrics
Bands
Singers
Artist
Clip
Rock
Rap
Classical
Billboard
Country Music
Kpop
Taylor Swift
Music
Pop Music
The Beatles
Song
Album
Lyrics
Bands
Singers
Artist
Clip
Rock
Rap
Classical
Billboard
Country Music
Kpop
Taylor Swift
Random Quiz
Search Sporcle
×
Quiz Lab
Quiz Lab
Music
Rock
Type in answers that appear in a list
Type in answers that appear in a list
Classic
Best Score? Go Orange.
Lyrics: 'The Space Between' by Dave Matthews Band Stats
Can you name the lyrics to 'The Space Between' by Dave Matthews Band?
By
LostInOz
10m
284 Questions
594 Plays
594 Plays
594 Plays
Comments
Comments
Give Quiz Kudos
Give Quiz Kudos
-
- Ratings
hide this ad
Replay
Link that replays current quiz
Next Quiz
Link to next quiz in quiz playlist
You Got
0%
They Got
Avg Score
76%
Avg Friend Score
Upgrade to see
Score Distribution
Jump to the score distribution portion of the page
Score
0/284
Timer
10:00
0
Plays Today
% Correct
space
98.6%
space
98.6%
space
98.6%
space
98.6%
space
98.6%
space
98.6%
space
98.6%
space
98.6%
space
98.6%
space
98.6%
the
98.3%
The
98.3%
The
98.3%
the
98.3%
The
98.3%
The
98.3%
the
98.3%
the
98.3%
The
98.3%
The
98.3%
the
98.3%
The
98.3%
the
98.3%
the
98.3%
The
98.3%
The
98.3%
The
98.3%
The
98.3%
the
98.3%
The
98.3%
The
98.3%
The
98.3%
the
98.3%
The
98.3%
between
98.1%
between
98.1%
between
98.1%
between
98.1%
between
98.1%
between
98.1%
between
98.1%
between
98.1%
between
98.1%
be
97.8%
be
97.8%
I
97%
I
97%
I
97%
I
97%
I
97%
You
96.8%
you
96.8%
you
96.8%
you,
96.8%
you
96.8%
you
96.8%
you
96.8%
You
96.8%
you
96.8%
you
96.8%
you
96.8%
a
93.6%
a
93.6%
a
93.6%
me
92.7%
me
92.7%
me
92.7%
me
92.7%
me
92.7%
me
92.7%
we
91.9%
we
91.9%
we
91.9%
we
91.9%
we
91.9%
we
91.9%
we
91.9%
for
90.5%
for
90.5%
for
90.5%
for
90.5%
for
90.5%
in
89.2%
in
89.2%
In
89.2%
in
89.2%
in
89.2%
in
89.2%
can
88.2%
Is
87%
Is
87%
Is
87%
Is
87%
Is
87%
is
87%
% Correct
Is
87%
Is
87%
And
86.5%
And
86.5%
and
86.5%
and
86.5%
love
86%
love
86%
Love
86%
to
85.8%
to
85.8%
to
85.8%
to
85.8%
no
84.3%
No
84.3%
all
84.1%
All
84.1%
all
84.1%
so
83.3%
hope
82.6%
hope
82.6%
hope
82.6%
hope
82.6%
hope
82.6%
time
82.4%
time
82.4%
keep
81.8%
keep
81.8%
keep
81.8%
us
81.3%
us
81.3%
will
79.4%
'Will
79.4%
Will
79.4%
Will
79.4%
of
79.4%
of
79.4%
of
79.4%
of
79.4%
go
78.9%
do,
78.7%
from
78.4%
from
78.4%
from
78.4%
But
77%
But
77%
lies
76%
lies
76%
lies
76%
got
75.8%
quickly
75.7%
Like
75.7%
it
75.7%
like
75.7%
like
75.7%
my
75.2%
my
75.2%
There's
75%
safe
74.5%
we're
74.5%
We're
74.5%
safe
74.5%
safe
74.5%
we're
74.5%
again?
74%
again?
74%
heart
74%
heart
74%
could
73.8%
quit
73.6%
pain
73.6%
hold
73.6%
pain
73.6%
hold
73.6%
hold…
73.6%
pain
73.6%
cannot
73.1%
more
73.1%
rain
73%
rain
73%
wicked
72.6%
wicked
72.6%
wicked
72.6%
back
72.5%
Where
72.5%
where
72.5%
where
72.5%
where
72.5%
where
72.5%
down
72.3%
your
72.3%
down
72.3%
Your
72.3%
coming
72.1%
cry
71.5%
% Correct
tears
71.3%
this
70.9%
that
70.8%
with
70.4%
With
70.4%
take
70.4%
Take
70.4%
with
70.4%
keeps
68.8%
corner
68.2%
squeeze
68.2%
tell
68.2%
tell
68.2%
What
67.6%
out
66.6%
don't
66.6%
out
66.6%
out
66.6%
laughter
66.4%
room
66.4%
today?'
65.2%
ship
64.9%
waiting
64.9%
waiting
64.9%
our
64.5%
Our
64.5%
you'll
63.9%
you'll
63.9%
These
63.7%
These
63.7%
find
63.7%
find
63.7%
roller
63.2%
coaster
63.2%
crowded
63%
know
62.5%
words
62.2%
Look
62%
right
61.3%
right
61.3%
here
61.1%
here
61.1%
here
61.1%
confuse
61%
at
60.8%
I'll
60.6%
middle
60.5%
games
59.8%
hearts
59.8%
talking,
59.5%
talking
59.5%
off
58.6%
hand
58.6%
fickle,
57.4%
playing
57.1%
hours
56.9%
devil
56.9%
'Cause
56.9%
went
56.8%
madness
55.9%
hiding,
55.7%
hiding,
55.7%
mine
55.7%
need
55.2%
wrong
54.9%
if
54.4%
Waste
53.9%
twisted
53.2%
walking
53%
fuddled
52.7%
falls
52.5%
strange
52.4%
get
52.2%
Oh,
51.5%
What's
50.2%
warring
49.7%
church
49.5%
spinning
48.8%
wild-
45.9%
we'll
44.9%
eyed
44.4%
fill
44.3%
window
44.1%
beast
42.9%
allies
42.4%
Splash
42.2%
sadness
39.4%
bullets
38.2%
you're
37.7%
into…
35.3%
firefight
33.6%
Ran
28.9%
smiling
24.5%
high
20.9%
Quiz Playlist
Details
Report
Send in Message
Add To Playlist
Classic:
Type in answers that appear in a list
Quiz Source
Last Updated: Feb 16, 2017
Quiz Scoreboard
CHALLENGE
Sign Up to Join the Scoreboard
Show All
Scores
Hide
Comments
May contain spoilers
Recently Published
Holiday 10x10 Sorting Gallery
by lukepisani3
Holiday
15m
Two Season TV Shows II
by 123Four
Television
10m
Image Sorting: Flags VI
by Barbecue
Geography
2m
More to Explore
Quiz From the Vault
Featured Blog Post
14 Easter Pick-up Lines to Find Eggs With
hide this ad
You Might Also Like...
Tags
Lyrics Quiz
Rock Quiz
Dave Matthews
Dave Matthews Band
Rock Songs
Today's Top Quizzes in Music
Browse Music
hide this ad
Today's Top Quizzes in Rock
Browse Rock
Top Contributed Quizzes in Music
1
5X2 Blitz: Bands II
2
5X2 Blitz: The Beatles
3
Taylor Swift All Songs (2024)
4
5X2 Blitz: Billboard
5
5X2 Blitz: Billboard II
6
Music Artist by Three 2010s hits
7
5X2 Blitz: Album
8
5X2 Blitz: Rock
9
5X2 Blitz: Singers
10
5X2 Blitz: Lyrics
Explore More
Trending Topics
Disney
Crossword
Kpop
Anime
Harry Potter
NBA
Marvel
WWE
NFL
The Office
Song
Soccer
Country
Pokémon
Puzzle
hide this ad
More By:
LostInOz
Quiz
Plays
Rating
Category
Featured
Created
'Eight Days a Week' Lyrics
30,179
4.74
Music
Aug 9, 2013
Lyrics: 'Mr. Brightside' by The Killers
11,316
4.83
Music
Sep 1, 2013
Lyrics: 'Live Forever' by Oasis
9,102
4.81
Music
Sep 16, 2012
Lyrics: 'Do They Know It's Christmas?' by Band Aid
4,241
4.87
Music
Dec 23, 2013
Lyrics: 'Supersonic' by Oasis
4,150
5.00
Music
Jul 26, 2013
Go to Creator's Profile
Score Distribution
Quiz Creator Spotlight
LostInOz
Follow
Send a Message
Quizzes Created
-
Created Quiz Play Count
-
More By This Creator
Popular Quizzes Today
1
Find the US States - No Outlines Minefield
2
Colored Red Africa Blitz
3
Find the 'City' Movie
4
The Countries of the World
5
5x2 Blitz: Bands
6
Find the Countries of Europe - No Outlines Minefield
7
Find the US States
8
US States
More Music Quizzes
80s UK #1s One Word Songs
Quiz Lab
Trending Quizzes
Colored Red Europe Blitz I
Colored Red Africa Blitz II
Colored Red Europe Blitz II
Even More Two Season TV Shows
Colored Red Africa Blitz III
Recently Updated
Quick Pick: 20 Twenties
pecheneg
March Madness Men's Triple Doubles
pecheneg
How Do You Spell That?
pecheneg
Godzilla Movies
pecheneg
Grab Bag: 4-10 Letters
pecheneg
2024 March Madness Bracket
pecheneg
Famous TV Couples
Peacemaker
Champions League XIs: Real Madrid
pecheneg
Largest US Cities 1790-2010
pecheneg
Rides in Walt Disney World
pecheneg
Trending Topics
Anime
NBA
Harry Potter
Crossword
Disney
Kpop
Marvel
Puzzle
The Office
Pokémon
WWE
NFL
Soccer
Country
Song
Your Account Isn't Verified!
In order to create a playlist on Sporcle, you need to verify the email address you used during registration. Go to your
Sporcle Settings
to finish the process.
Report this User
Report this user for behavior that violates our
Community Guidelines
.
Details:
Send Report
Go to the Sporcle.com Mobile Site →
Comments